[Event "RUS-chJ"]
[Site "Moscow"]
[Date "1995.??.??"]
[Round "7"]
[White "Shariyazdanov, Andrey"]
[Black "Gelman, Alexander"]
[Result "1-0"]
[WhiteElo "2460"]
[BlackElo "2425"]

1.d4 Nf6 2.c4 g6 3.Nc3 Bg7 4.e4 d6 5.Be2 O-O 6.Nf3 e5 7.O-O Nc6 8.d5 Ne7
9.b4 a5 10.bxa5 c5 11.Bd2 Rxa5 12.Qc2 Nh5 13.g3 h6 14.Nh4 Nf6 15.Rab1 Qd7
16.Rb5 Ra6 17.Ng2 Ne8 18.f3 f5 19.Na4 Nc7 20.Ra5 Rxa5 21.Bxa5 Na8 22.Qb3 h5
23.Bd2 Kh7 24.Qa3 fxe4 25.fxe4 Rxf1+ 26.Bxf1 Ng8 27.Nxc5 dxc5 28.Qxa8 Nf6
29.Bd3 Qh3 30.Ne3 Bh6 31.Bf1 Bxe3+ 32.Bxe3 Qg4 33.Qb8 Qxe4 34.Bxc5 Qf5 35.Qc7+ Bd7
36.Qxb7 h4 37.Qb3 e4 38.Qe3 g5 39.Qf2 Qg6 40.Be2 Ng4 41.Qf8 hxg3  1-0

[Event "RUS-chJ"]
[Site "Moscow"]
[Date "1995.??.??"]
[Round "7"]
[White "Kiriakov, Petr"]
[Black "Korotylev, Alexey"]
[Result "1/2-1/2"]
[WhiteElo "2480"]
[BlackElo "2445"]

1.d4 g6 2.c4 Bg7 3.e4 d6 4.Nc3 Nf6 5.Be2 O-O 6.Nf3 e5 7.O-O Nc6 8.d5 Ne7
9.Ne1 Nd7 10.Be3 f5 11.f3 f4 12.Bf2 g5 13.a4 Ng6 14.a5 Rf7 15.Kh1 Nf6 16.c5 Bf8
17.cxd6 Bxd6 18.Nd3 Rg7 19.Nc5 Nf8 20.Qb3 g4 21.Ne6 Nxe6 22.dxe6 Qe7 23.Bh4 gxf3
24.gxf3 Bxe6 25.Qxb7 Rf8 26.Na4 Bd7 27.Qxa7 Bxa4 28.Rxa4 Bc5 29.Qa6 Rg6 30.Qc4+ Kh8
31.Raa1 Rfg8 32.a6 Rh6 33.a7 Bxa7 34.Rxa7 Qg7 35.Qxg8+ Nxg8 36.Ra8 Rxh4 37.Bc4 Rxh2+  1/2-1/2

[Event "Moscow-ch op"]
[Site "Moscow"]
[Date "1995.??.??"]
[Round "8"]
[White "Mitenkov, Alexey"]
[Black "Yuferov, Sergey  N"]
[Result "1-0"]
[WhiteElo "2430"]
[BlackElo "2465"]

1.d4 Nf6 2.c4 g6 3.Nc3 Bg7 4.e4 d6 5.Be2 O-O 6.Nf3 e5 7.O-O Nc6 8.dxe5 Nxe5
9.Bf4 Nfg4 10.Qd2 Be6 11.b3 Nxf3+ 12.Bxf3 Ne5 13.Be2 f5 14.Rad1 Qf6 15.Nd5 Qf7
16.exf5 gxf5 17.Bg5 Bxd5 18.Qxd5 Qxd5 19.cxd5 f4 20.g3 f3 21.Bd3 Rae8 22.Bb5 Rc8
23.Rfe1 Rf5 24.Bf4 Rcf8 25.Bxe5 Rxe5 26.Rxe5 Bxe5 27.Bd7 Bb2 28.Bg4 Ba3  1-0

[Event "Moscow-ch op"]
[Site "Moscow"]
[Date "1995.??.??"]
[Round "9"]
[White "Umanskaya, Irina"]
[Black "Arbakov, Valentin"]
[Result "1/2-1/2"]
[WhiteElo "2300"]
[BlackElo "2455"]

1.Nf3 Nf6 2.c4 g6 3.Nc3 Bg7 4.e4 d6 5.d4 O-O 6.Be2 e5 7.O-O Nc6 8.d5 Ne7
9.Nd2 Nd7 10.b4 f5 11.c5 dxc5 12.bxc5 Nxc5 13.Ba3 b6 14.Bxc5 bxc5 15.Bc4 Kh8
16.Nb3 fxe4 17.Nxe4 Bb7 18.Nbxc5 Bxd5 19.Bxd5 Qxd5 20.Qxd5 Nxd5 21.Ne6 Rfe8
22.Nxg7 Kxg7 23.Rfd1 Nb6 24.Rac1 Re7 25.Rc6 a5 26.f3 h6 27.h4 Rf8 28.h5 gxh5
29.Ng3 h4 30.Nh5+ Kh7 31.Nf6+ Kh8 32.Ng4 Kg7 33.Rxh6 e4 34.Re1 Rfe8 35.Rh5 a4
36.f4 Nd7 37.Rg5+ Kh8 38.Rh5+ Kg7 39.Rg5+ Kh8 40.Rh5+ Rh7 41.Rxh7+ Kxh7 42.Rd1 e3
43.Rxd7+ Kg6 44.Ne5+ Kf5 45.Nd3 Ke4 46.Ne1 c5 47.Ra7 c4 48.Rxa4 Rc8 49.Kf1 Kxf4
50.Ke2 Kg3 51.Ra7 c3 52.Rg7+ Kh2 53.Rg4 c2 54.Rxh4+ Kg3 55.Rh3+ Kg4 56.Nxc2 Rxc2+
57.Kxe3 Rxg2 58.Rh8 Rxa2  1/2-1/2

[Event "Moscow op"]
[Site "Moscow"]
[Date "1995.??.??"]
[Round "9"]
[White "Mitenkov, Alexey"]
[Black "Nadyrhanov, S."]
[Result "0-1"]
[WhiteElo "2465"]
[BlackElo "2470"]

1.d4 Nf6 2.c4 g6 3.Nc3 Bg7 4.e4 d6 5.Be2 O-O 6.Nf3 e5 7.O-O Nc6 8.dxe5 dxe5
9.Bg5 Bg4 10.Qxd8 Nxd8 11.Bxf6 Bxf6 12.Nd5 Bxf3 13.Bxf3 Bg5 14.Nxc7 Rc8 15.Nb5 Rxc4
16.Nxa7 Ne6 17.Nb5 Rb4 18.Be2 Nf4 19.Nc3 Nxe2+ 20.Nxe2 Rxb2 21.Nc3 Rc8 22.Nd5 Rc4
23.Rfe1 Rcc2 24.Rf1 Rxa2 25.Rxa2 Rxa2 26.g3 Rb2 27.Kg2 b5 28.Ra1 b4 29.Ra8+ Kg7  0-1

[Event "Moscow Petrosian"]
[Site "Moscow"]
[Date "1995.??.??"]
[Round "11"]
[White "Ivanov, Victor L"]
[Black "Iordachescu, Viorel"]
[Result "1/2-1/2"]
[WhiteElo "2460"]
[BlackElo "2425"]

1.e4 g6 2.d4 Bg7 3.c4 d6 4.Nc3 Nf6 5.Nf3 O-O 6.Be2 e5 7.O-O Nc6 8.dxe5 dxe5
9.Bg5 Bg4 10.Qxd8 Nxd8 11.Bxf6 Bxf6 12.Nd5 Kg7 13.Nxc7 Rc8 14.Nd5 Bxf3 15.gxf3 Ne6
16.Kg2 Rfd8 17.Rfd1 Bg5 18.b4 b6 19.a4 Nf4+ 20.Nxf4 Bxf4 21.Rd5 Bd2 22.Rb1 Bc3
23.Rb3 Bd4 24.a5 Rb8 25.axb6 axb6 26.Ra3 Ra8 27.Rxa8 Rxa8 28.f4 f6 29.Rd7+ Kh6
30.fxe5 fxe5 31.Rf7 Ra2 32.Bf1 Rb2 33.b5 g5 34.Rf6+ Kg7 35.Rf5 Kg6 36.Kg3  1/2-1/2

[Event "Mravinci-A"]
[Site "Mravinci"]
[Date "1995.??.??"]
[Round "?"]
[White "Horvath, Jozsef M"]
[Black "Stevic, Hrvoje"]
[Result "1/2-1/2"]
[WhiteElo "2180"]
[BlackElo "2300"]

1.d4 Nf6 2.c4 g6 3.Nc3 Bg7 4.e4 d6 5.Be2 O-O 6.Nf3 e5 7.O-O Nc6 8.Be3 Ng4
9.Bg5 f6 10.Bc1 Nxd4 11.Nxd4 exd4 12.Qxd4 f5 13.Qd5+ Kh8 14.Bxg4 c6 15.Qd3 fxg4
16.Be3 Be6 17.Rad1  1/2-1/2

[Event "Mravinci-A"]
[Site "Mravinci"]
[Date "1995.??.??"]
[Round "?"]
[White "Shariyazdanov, Andrey"]
[Black "Stevic, Hrvoje"]
[Result "1/2-1/2"]
[WhiteElo "2460"]
[BlackElo "2300"]

1.d4 Nf6 2.c4 g6 3.Nc3 Bg7 4.e4 d6 5.Be2 O-O 6.Nf3 e5 7.O-O Nc6 8.d5 Ne7
9.b4 Nh5 10.g3 f5 11.Ng5 Nf6 12.f3 f4 13.Kg2 c6 14.b5 c5 15.Rb1 Ne8 16.g4 h6
17.Nh3 g5 18.Nf2 Ng6 19.Rg1 Nf6 20.Kf1 Kf7 21.Ke1 Rh8 22.h3 h5 23.Rg2 Bd7
24.Kd2 Nh4 25.Rg1 Rh6 26.Kd3 Qh8 27.Bd2 Ke7  1/2-1/2

[Event "Nagykanizsa op "]
[Site "Nagykanizsa"]
[Date "1995.??.??"]
[Round "?"]
[White "Zimmerman, Yuri"]
[Black "Kopjonkin, Gennady"]
[Result "1-0"]
[WhiteElo "2335"]
[BlackElo "2425"]

1.d4 Nf6 2.c4 g6 3.Nc3 Bg7 4.e4 d6 5.Be2 O-O 6.Nf3 e5 7.O-O Nc6 8.d5 Ne7
9.Ne1 Nd7 10.Be3 f5 11.f3 f4 12.Bf2 g5 13.a4 Nf6 14.c5 Ng6 15.cxd6 cxd6 16.a5 h5
17.Nb5 a6 18.Bb6 Qe7 19.Nc7 Rb8 20.Ba7 Qxc7 21.Rc1 Qxa5 22.Bxb8 Qb6+ 23.Kh1 Qd8
24.Qc2 Nh8 25.Qc7 Nf7 26.Qxd8 Rxd8 27.Bc7 Re8 28.Nc2 Bd7 29.Na3 b5 30.Ba5 Ra8
31.Rc7 Kf8 32.Nc2 Rc8 33.Nb4 Rxc7 34.Bxc7 Ne8 35.Bb6 Bc8 36.Rc1 Bb7 37.Ra1  1-0

[Event "Namses op"]
[Site "Namses"]
[Date "1995.??.??"]
[Round "?"]
[White "Harestad, Hans Krogh"]
[Black "Svendsen, Odin"]
[Result "1-0"]
[WhiteElo "2145"]
[BlackElo "2175"]

1.d4 g6 2.Nf3 Bg7 3.c4 d6 4.Nc3 Nf6 5.e4 O-O 6.Be2 e5 7.O-O Nc6 8.d5 Ne7
9.Nd2 a5 10.Rb1 Nd7 11.a3 f5 12.b4 axb4 13.axb4 Kh8 14.Qc2 Ng8 15.exf5 gxf5
16.f4 e4 17.Nb3 Ndf6 18.Be3 Ne7 19.Rfd1 Rg8 20.Kh1 h5 21.Qd2 Ng4 22.Bxg4 hxg4
23.g3 Kh7 24.Rbc1 Bd7 25.Ra1 Bf6 26.Bd4 Rxa1 27.Rxa1 Bxd4 28.Qxd4 Kg6 29.Ra7 Qb8
30.Ra2 b6 31.Nd1 Qb7 32.Qa1 Rb8 33.b5 Qc8 34.Ra7 Rb7 35.Ra3 Qf8 36.Ra8 Rb8
37.Ra7 Rc8 38.Ne3 Qf6 39.Kg2 Qxa1 40.Nxa1 Kf6 41.Nac2 Kf7 42.Nb4 Ke8 43.Na6 Kd8
44.Nc2 Bxb5 45.cxb5 Nxd5 46.Nab4 Nxb4 47.Nxb4 Kd7 48.Nd5  1-0

[Event "Namses op"]
[Site "Namses"]
[Date "1995.??.??"]
[Round "?"]
[White "Qvortrup, Jon"]
[Black "Storland, Knut H"]
[Result "1/2-1/2"]
[WhiteElo "2210"]
[BlackElo "2215"]

1.d4 Nf6 2.Nf3 g6 3.c4 Bg7 4.Nc3 O-O 5.e4 d6 6.Be2 e5 7.O-O Nc6 8.d5 Ne7
9.b4 Nh5 10.g3 f5 11.Ng5 Nf6 12.f3 c6 13.Be3 h6 14.Ne6 Bxe6 15.dxe6 Kh7 16.b5 Qa5
17.Rc1 Rfd8  1/2-1/2

[Event "Nikolaev zt"]
[Site "Nikolaev"]
[Date "1995.??.??"]
[Round "4"]
[White "Ovsejevitsch, Sergei"]
[Black "Frolov, Artur"]
[Result "0-1"]
[WhiteElo "2370"]
[BlackElo "2545"]

1.d4 Nf6 2.Nf3 g6 3.c4 Bg7 4.Nc3 O-O 5.e4 d6 6.Be2 e5 7.O-O Nc6 8.Be3 Ng4
9.Bg5 f6 10.Bc1 Nh6 11.dxe5 dxe5 12.Qd5+ Nf7 13.Be3 Bg4 14.Rad1 Qc8 15.h3 Be6
16.Qb5 f5 17.c5 a6 18.Qa4 f4 19.Bc1 g5 20.Bc4 h5 21.Ne2 Bf6 22.Bxe6 Qxe6
23.Qb3 Qc8 24.Nh2 Kg7 25.g4 Nd4 26.Nxd4 exd4 27.Kg2 Rh8 28.f3 Ne5 29.Bd2 c6
30.Be1 Qd7 31.Bc3 hxg4 32.Nxg4 Rxh3 33.Kxh3 Nxg4  0-1

[Event "Nikolaev zt"]
[Site "Nikolaev"]
[Date "1995.??.??"]
[Round "7"]
[White "Neverov, Valeriy"]
[Black "Frolov, Artur"]
[Result "1-0"]
[WhiteElo "2490"]
[BlackElo "2545"]

1.d4 Nf6 2.c4 g6 3.Nc3 Bg7 4.e4 d6 5.Nf3 O-O 6.Be2 e5 7.O-O Nc6 8.d5 Ne7
9.Ne1 Nd7 10.Nd3 f5 11.Bd2 Kh8 12.Rc1 Ng8 13.exf5 gxf5 14.f4 e4 15.Nf2 Ndf6
16.Be3 Nh6 17.Qd2 Bd7 18.Bd4 Qe7 19.Ncd1 c5 20.dxc6 bxc6 21.Ne3 Be6 22.Nh1 Rfd8
23.Ng3 d5 24.c5 Qd7 25.b4 a6 26.a4 Bf7 27.Rb1 Qe6 28.Rfc1 Be8 29.Rc3 Ra7
30.Nc2 Qe7 31.Nf1 Nhg4 32.Bxg4 fxg4 33.Nfe3 Bd7 34.g3 Ne8 35.Bxg7+ Nxg7 36.Nd4 Qf6
37.f5 h5 38.Rf1 Rf8 39.Rc2 Qg5 40.Qc3 Kh7 41.Rf4 Ne8 42.b5 axb5 43.axb5 Qf6
44.b6 Ra4 45.Rd2 Bc8 46.Rf1 Ng7 47.Ra1 Rxa1+ 48.Qxa1 Bb7 49.Ra2 Ra8 50.Rxa8 Bxa8
51.Ndc2 Qxa1+ 52.Nxa1 Kh6 53.Nb3 Kg5 54.Nd4 Kf6 55.Nxd5+ cxd5 56.c6 Nxf5
57.b7 Bxb7 58.cxb7 Nxd4 59.b8=Q Nf5 60.Qf4 Ke6 61.Kf2  1-0

[Event "JUG-ch sf"]
[Site "Nis"]
[Date "1995.??.??"]
[Round "?"]
[White "Maksimovic, Branimir"]
[Black "Solak, Dragan"]
[Result "1-0"]
[WhiteElo "2380"]
[BlackElo "2200"]

1.d4 Nf6 2.c4 g6 3.Nc3 Bg7 4.e4 d6 5.Be2 O-O 6.Nf3 e5 7.O-O Nc6 8.d5 Ne7
9.Ne1 Nd7 10.Nd3 f5 11.Bd2 Nf6 12.f3 f4 13.c5 g5 14.cxd6 cxd6 15.Nf2 Rf7
16.a4 Bf8 17.Rc1 Rg7 18.Nb5 Ng6 19.Rc3 a6 20.Na3 h5 21.h3 Nh4 22.a5 b5 23.axb6 Qxb6
24.Rc6 Qa7 25.Ba5 g4 26.Bb6 gxf3 27.Bxa7 Rxg2+ 28.Kh1 Nxe4 29.Nxe4 fxe2 30.Rc7 Bf5
31.Nf6+ Kh8 32.Qe1 exf1=Q+ 33.Qxf1 Bg7 34.Bf2 Rxf2 35.Qxf2 Bxf6 36.Qe2 Bg6
37.Nc4 Nf5 38.Kh2 Rg8 39.Nd2 Bh4 40.b4 Nd4 41.Qxa6 Bg3+ 42.Kh1 f3 43.Qxd6  1-0

[Event "JUG-chT"]
[Site "Nis"]
[Date "1995.??.??"]
[Round "?"]
[White "Maksimovic, Branimir"]
[Black "Zivkovic, Rajko"]
[Result "1-0"]
[WhiteElo "2380"]
[BlackElo "2225"]

1.d4 Nf6 2.Nf3 g6 3.c4 Bg7 4.Nc3 O-O 5.e4 d6 6.Be2 e5 7.O-O Nc6 8.d5 Ne7
9.Ne1 Ne8 10.Nd3 f5 11.f4 c6 12.fxe5 dxe5 13.Bg5 h6 14.Bh4 g5 15.Bf2 fxe4
16.Nc5 Nd6 17.N5xe4 Nxe4 18.Nxe4 cxd5 19.cxd5 Kh8 20.d6 Nc6 21.Rc1 Nd4 22.Rc7 Bf5
23.Bd3 Bxe4 24.Bxe4 Qxd6 25.Rxb7 Rab8 26.Rxb8 Rxb8 27.Qh5 Rf8 28.Be3 Rxf1+
29.Kxf1 Qf6+ 30.Kg1 Bf8 31.g3 Kg7 32.Qg4 Bc5 33.Qd7+ Qe7 34.Qxe7+ Bxe7 35.Kf2 Kf6
36.Bd2 Bc5 37.b4 Bb6 38.Be3 Bd8 39.a4 Ke6 40.Bd2 Kd6 41.Ke3 Bb6 42.Kd3 Nb3
43.Be3 Nd4 44.a5 Bd8 45.Kc4 Bc7 46.Bd2 Bb8 47.b5 Ke6 48.Bb4 Bc7 49.a6 h5
50.Bc5 Bb8 51.b6 axb6 52.Bxb6 Nf5 53.Bd5+ Kf6 54.a7 Bxa7 55.Bxa7 g4 56.Bb6 Nd6+
57.Kd3 Kf5 58.Bc7 Ne8 59.Be4+ Ke6 60.Bd8 Kf7 61.Bg5 Nd6 62.Bd5+ Kg6 63.Be7 Nb5
64.Ke4  1-0

[Event "JUG-ch sf"]
[Site "Nis"]
[Date "1995.??.??"]
[Round "?"]
[White "Cvetkovic, Srdjan"]
[Black "Bakic, Rados"]
[Result "1/2-1/2"]
[WhiteElo "2425"]
[BlackElo "2440"]

1.c4 g6 2.e4 Bg7 3.d4 d6 4.Nc3 Nf6 5.Nf3 O-O 6.Be2 e5 7.O-O Nc6 8.d5 Ne7
9.Ne1 Nd7 10.Nd3 f5 11.Bd2 fxe4 12.Nxe4 Nf6 13.f3 Nf5 14.Ndf2 Nxe4 15.Nxe4 Bh6
16.Bxh6 Nxh6 17.Qd2 Nf7 18.Bd3 Bf5 19.Ng3 Bd7 20.b4 Qg5 21.f4 Qh6 22.c5 exf4
23.Qxf4  1/2-1/2

[Event "NLD-chT9596"]
[Site "?"]
[Date "1995.??.??"]
[Round "?"]
[White "Van Egmond, Rogier Marcel"]
[Black "Maes, Wim"]
[Result "1/2-1/2"]
[WhiteElo "2315"]
[BlackElo "2170"]

1.d4 Nf6 2.Nf3 g6 3.c4 Bg7 4.Nc3 O-O 5.e4 d6 6.Be2 e5 7.O-O Nc6 8.d5 Ne7
9.b4 Nh5 10.g3 f5 11.Ng5 Nf6 12.f3 Kh8 13.c5 Neg8 14.Qb3 f4 15.Ne6 Bxe6 16.dxe6 fxg3
17.hxg3 Nh5 18.Kg2 Bh6 19.cxd6 cxd6 20.Bxh6 Nxh6 21.Nd5 Qg5 22.g4 Qh4 23.f4 Nxf4+
24.Rxf4 Rxf4 25.Nxf4 exf4 26.Rh1 Qg5 27.Qc3+ Kg8 28.Qc4 Nxg4 29.e7+ Kg7 30.Rxh7+ Kxh7
31.Qf7+ Kh6 32.Qf8+ Kh7  1/2-1/2

[Event "NOR-ch"]
[Site "?"]
[Date "1995.??.??"]
[Round "2"]
[White "Sorgjerd, Jan"]
[Black "Moen, Ole Christian"]
[Result "1-0"]
[WhiteElo "2100"]
[BlackElo "2250"]

1.d4 Nf6 2.c4 g6 3.Nc3 Bg7 4.e4 O-O 5.Nf3 d6 6.Be2 e5 7.O-O Nc6 8.d5 Ne7
9.Ne1 Nd7 10.Be3 f5 11.f3 Kh8 12.Nd3 Ng8 13.c5 Bh6 14.Bxh6 Nxh6 15.b4 Nf6
16.a4 Nh5 17.Qd2 Kg7 18.a5 f4 19.Rfc1 Ng3 20.Bd1 Bd7 21.hxg3 fxg3 22.Ne1 Qh4
23.Kf1 Ng4 24.Ke2 Nf2 25.Qe3 Qh2 26.Kd2 h5 27.Be2 h4 28.Nd1 Nh1 29.Qg5 h3
30.Ne3 Nf2 31.cxd6 hxg2 32.N1xg2 cxd6 33.Rc7 Rf7 34.Nh4 Nh3 35.Nef5+ Kg8
36.Qxg6+ Kf8 37.Qxd6+ Ke8 38.Qxe5+ Kd8 39.Rac1 Ng5 40.Qh8+ Be8 41.Qc3 Bd7
42.Rxd7+ Kxd7 43.Qc7+ Ke8 44.Nd6+ Kf8 45.Nxf7 Nxf7 46.Nf5  1-0

[Event "NOR-ch"]
[Site "?"]
[Date "1995.??.??"]
[Round "4"]
[White "Grotnes, Nils"]
[Black "Gullaksen, Eirik T"]
[Result "0-1"]
[WhiteElo "2325"]
[BlackElo "2365"]

1.d4 Nf6 2.c4 g6 3.Nc3 Bg7 4.e4 d6 5.Be2 O-O 6.Nf3 e5 7.O-O Nc6 8.d5 Ne7
9.Ne1 Nd7 10.Nd3 f5 11.Bd2 Nb6 12.b3 fxe4 13.Nxe4 Nf5 14.Bg5 Qe8 15.Bg4 h6
16.Bd2 Qf7 17.Qe1 Bd7 18.f3 Rad8 19.Qf2 c6 20.dxc6 Bxc6 21.Nb4 d5 22.cxd5 Bb5
23.Rfc1 Nxd5 24.Qxa7 h5 25.Bh3 Nf4 26.Bxf4 exf4 27.Qa5 Bxa1 28.Qxb5 Bd4+
29.Kf1 Be3 30.Rc2 Nd4 31.Qc4 Nxc2  0-1

[Event "NOR-ch"]
[Site "?"]
[Date "1995.??.??"]
[Round "5"]
[White "Bern, Ivar"]
[Black "Dannevig, Oystein"]
[Result "1-0"]
[WhiteElo "2360"]
[BlackElo "2335"]

1.d4 Nf6 2.c4 g6 3.Nc3 Bg7 4.e4 d6 5.Nf3 O-O 6.Be2 e5 7.O-O Nc6 8.d5 Ne7
9.Nd2 c6 10.Kh1 b5 11.dxc6 b4 12.Nd5 Nxc6 13.a3 bxa3 14.Rxa3 Nd4 15.Bd3 Bd7
16.b4 Nxd5 17.exd5 Qb6 18.Nb3 Qxb4 19.Nxd4 exd4 20.Ra6 Rfd8 21.Bg5 Re8 22.Bd2 Qb8
23.Qa1 Bf5 24.Bxf5 gxf5 25.Qa3 Qc7 26.Qd3 Rac8 27.Rc6 Qd7 28.Qg3 Kh8 29.Rxd6 Qe7
30.Bg5 Qe2 31.Kg1 Rxc4 32.Qh4 Qg4 33.g3 Qxh4 34.Bxh4 d3 35.Rd1 Rd4 36.Bg5 a5
37.Be3 Rb4 38.Rxd3 Ra8 39.Rc6 a4 40.d6 a3 41.Rxa3  1-0

[Event "NOR-ch"]
[Site "?"]
[Date "1995.??.??"]
[Round "9"]
[White "Tisdall, Jonathan D"]
[Black "Gullaksen, Eirik T"]
[Result "1-0"]
[WhiteElo "2470"]
[BlackElo "2365"]

1.d4 Nf6 2.c4 d6 3.Nc3 g6 4.e4 Bg7 5.Nf3 O-O 6.Be2 e5 7.O-O Nc6 8.d5 Ne7
9.b4 Nh5 10.Re1 Nf4 11.Bf1 g5 12.Nxg5 Neg6 13.Nf3 h6 14.c5 f5 15.Nd2 fxe4
16.Ndxe4 Nh4 17.cxd6 cxd6 18.Nb5 Nf5 19.Be3 a6 20.Nbc3 Bd7 21.Rc1 Kh8 22.Ng3 Rc8
23.Nce4 Rxc1 24.Bxc1 Qb6 25.a3 Nd4 26.Nh5 Nxd5 27.Bc4 Nf4 28.Bxf4 exf4 29.Nxg7 Kxg7
30.Nc3 Nf5 31.Nd5 Qd8 32.Nxf4 Qg5 33.Nh5+ Kh8 34.Ng3 Bc6 35.Bd5 Nxg3 36.Bxc6 bxc6
37.hxg3 Qf6 38.Qd2 Kg7 39.Rc1 d5 40.Rc3 Rf7 41.Qc2 Rc7 42.Rf3 Qa1+ 43.Kh2 Qe5
44.Rf4 Qh5+ 45.Rh4 Qg6 46.Qe2 Kh7 47.Qxa6 Rd7 48.Qb6 Qf6 49.Rf4 Qd6 50.Qd4 Qg6
51.a4 Qg7 52.Rf6 Rc7 53.Qf4 Rd7 54.Qf5+ Kg8 55.Rg6  1-0

[Event "North Bay op"]
[Site "North Bay"]
[Date "1995.??.??"]
[Round "1"]
[White "Southam, Todd"]
[Black "Gomez, Francisco RA"]
[Result "1-0"]
[WhiteElo "2315"]
[BlackElo "2150"]

1.d4 Nf6 2.c4 g6 3.Nf3 Bg7 4.Nc3 O-O 5.e4 d6 6.Be2 e5 7.O-O Nc6 8.d5 Ne7
9.Nd2 Ne8 10.b4 f5 11.f3 a5 12.bxa5 Nf6 13.c5 dxc5 14.Nc4 b5 15.axb6 cxb6
16.Qb3 b5 17.Nxb5 Kh8 18.Bb2 fxe4 19.Nxe5 Qxd5 20.Bc4 Qb7 21.Nd6 Qa7 22.Nef7+ Kg8
23.Nh6+ Kh8 24.Ndf7+ Rxf7 25.Nxf7+ Kg8 26.fxe4 Rb8 27.Rad1 Nfd5 28.Nh6+ Bxh6
29.Bxd5+  1-0

[Event "JUG-ch"]
[Site "Novi Sad"]
[Date "1995.??.??"]
[Round "?"]
[White "Barlov, Dragan"]
[Black "Ristic, Nenad"]
[Result "0-1"]
[WhiteElo "2485"]
[BlackElo "2395"]

1.d4 Nf6 2.Nf3 g6 3.c4 Bg7 4.Nc3 O-O 5.e4 d6 6.Be2 e5 7.O-O Nc6 8.d5 Ne7
9.Ne1 Nd7 10.Nd3 f5 11.Bd2 Nf6 12.f3 f4 13.c5 g5 14.Rc1 Ng6 15.Nb5 Rf7 16.cxd6 cxd6
17.Qc2 Ne8 18.a4 Bf8 19.Nf2 Bd7 20.Qb3 h5 21.h3 Nh4 22.Rc2 a6 23.Na3 b5 24.axb5 axb5
25.Rfc1 b4 26.Bxb4 g4 27.fxg4 Ba4 28.Qd3 Bxc2 29.Rxc2 hxg4 30.Bxg4 Rg7 31.Be1 Kh8
32.Nd1 Ng6 33.Qe2 Nf6 34.Bf5 Ne7 35.Be6 Ng6 36.Bf5 Be7 37.Nf2 f3 38.Qb5 fxg2
39.Qe2 Nf4 40.Qf3 Qb6 41.Qc3 Rxa3  0-1

[Event "RUS-sf"]
[Site "Novosibirsk"]
[Date "1995.??.??"]
[Round "4"]
[White "Ivanov, Timur"]
[Black "Iskusnyh, Sergei"]
[Result "0-1"]
[WhiteElo "2425"]
[BlackElo "2425"]

1.d4 Nf6 2.c4 g6 3.Nc3 Bg7 4.e4 d6 5.Be2 O-O 6.Nf3 e5 7.O-O Nc6 8.d5 Ne7
9.Ne1 Ne8 10.Nd3 f5 11.Bd2 fxe4 12.Nxe4 Nf5 13.f3 c6 14.Kh1 cxd5 15.cxd5 Bd7
16.g4 Nd4 17.f4 Nf6 18.Nxf6+ Rxf6 19.Bc3 Qb6 20.fxe5 dxe5 21.Rxf6 Qxf6 22.Nc5 Nxe2
23.Qxe2 Qd6 24.Nxd7 Qxd5+ 25.Kg1 Qxd7 26.Qe4 Rd8 27.Re1 Qd5 28.Kg2 Kf7 29.Kf3 Ke6
30.Qxd5+ Rxd5 31.Ke4 Rc5 32.h3 Rc4+ 33.Kf3 Rf4+ 34.Kg3 Bf6 35.g5 Bg7 36.Rd1 Bf8
37.Rd8 Bd6 38.Re8+ Kd7 39.Ra8 a6 40.Rh8 Rf7 41.Kg2 Ke6 42.Re8+ Kf5 43.Bd2 Rf8  0-1

[Event "RUS-sf"]
[Site "Novosibirsk"]
[Date "1995.??.??"]
[Round "8"]
[White "Kiriakov, Petr"]
[Black "Iskusnyh, Sergei"]
[Result "0-1"]
[WhiteElo "2480"]
[BlackElo "2425"]

1.d4 Nf6 2.c4 g6 3.Nc3 Bg7 4.Nf3 O-O 5.e4 d6 6.Be2 e5 7.O-O Nc6 8.d5 Ne7
9.Ne1 Ne8 10.f3 f5 11.Be3 c5 12.dxc6 bxc6 13.Qd2 Be6 14.Rd1 Qc7 15.b4 Rd8
16.Qc2 Nf6 17.Qa4 Nc8 18.Nc2 Rf7 19.Na3 f4 20.Bf2 g5 21.c5 d5 22.exd5 cxd5
23.Qa6 Qe7 24.Nc4 Ne8 25.Na5 Nc7 26.Qb7 Qf6 27.Bc4 Rdf8 28.Bxd5 Nxd5 29.Nxd5 Qg6
30.Qc6 g4 31.Kh1 e4 32.fxe4 g3 33.Nc7 Qh5 34.Bg1 Bh3 35.Rd2 f3 36.Rxf3 Rxf3
37.Qd5+ Qxd5 38.exd5 Rf2 39.Bxf2 Rxf2 40.Rd1 Bd4 41.hxg3 Bxg2+ 42.Kg1 Rd2+
43.Kh2 Rxd1 44.Kxg2 Be5 45.Na6 Rxd5 46.Nc4 Kf7 47.a4 Ke6 48.a5 Rd3 49.b5 Rxg3+
50.Kf2 Rc3 51.Nxe5 Kxe5 52.b6 Rb3  0-1

[Event "CZE-ch"]
[Site "Olomouc"]
[Date "1995.??.??"]
[Round "?"]
[White "Vokac, Marek"]
[Black "Oral, Tomas"]
[Result "1/2-1/2"]
[WhiteElo "2475"]
[BlackElo "2405"]

1.d4 Nf6 2.c4 g6 3.Nc3 Bg7 4.e4 d6 5.Be2 O-O 6.Nf3 e5 7.O-O Nc6 8.d5 Ne7
9.Ne1 Nd7 10.Nd3 f5 11.exf5 Nxf5 12.f3 Nf6 13.Nf2 c5 14.Bd3 Nd4 15.Nfe4 a6
16.Be3 Nh5 17.g3 Nf6 18.Rf2 Rb8 19.Qf1 Nxe4 20.Nxe4 Bf5 21.Re1 Bf6 22.h4 Qd7
23.Qg2 Rf7 24.Nxf6+ Rxf6 25.Bxf5 Nxf5 26.Bg5 Rf7 27.g4 Nd4 28.f4 exf4 29.Bxf4 Rbf8
30.Ref1 Qe7 31.Qh2 Qe4 32.Qg2 Qe7 33.Qh2 Qe4 34.Qg2  1/2-1/2

[Event "CRO-chT2"]
[Site "Opatija"]
[Date "1995.??.??"]
[Round "?"]
[White "Csonkics, Tunde"]
[Black "Stanic, Jadranka"]
[Result "1-0"]
[WhiteElo "2280"]
[BlackElo "2095"]

1.d4 Nf6 2.c4 g6 3.Nc3 Bg7 4.e4 d6 5.Be2 O-O 6.Nf3 e5 7.O-O Nc6 8.Be3 Ng4
9.Bg5 f6 10.Bc1 f5 11.Bg5 Qe8 12.dxe5 dxe5 13.exf5 gxf5 14.Nd5 Qf7 15.Bd2 e4
16.Ng5 Qg6 17.Bf4 Bxb2 18.Nxc7 Bxa1 19.Qxa1 h6 20.Nh3 Be6 21.Nxa8 Rxa8 22.Bg3 Qf7
23.Qc3 Rc8 24.Nf4 Nge5 25.Nxe6 Qxe6 26.Rd1 Rf8 27.Bf4 Kh7 28.Qa3 Ng6 29.Bh5 Rg8
30.Bxg6+ Rxg6 31.Qc5 Qf7 32.g3 b6 33.Qd5 Qf8 34.Qd7+ Ne7 35.Qxa7 Rg7 36.Be5 Rf7
37.Qxb6 Ng6 38.Qd6 Qc8 39.c5 f4 40.Qd5 Qf5 41.Bxf4 Nxf4 42.Qxf5+ Rxf5 43.gxf4 Rxc5
44.Rd4 Rc1+ 45.Kg2 Re1 46.a4 Kg6 47.a5 Kf5 48.Ra4 Rd1 49.a6 Rd8 50.f3 Kxf4
51.Rxe4+ Kf5 52.Ra4 Ra8 53.a7 h5 54.Kg3 Rg8+ 55.Kh4 Ra8 56.f4 Kg6 57.Ra5  1-0

[Event "CRO-chT2"]
[Site "Opatija"]
[Date "1995.??.??"]
[Round "?"]
[White "Arbanas, Josip"]
[Black "Zelenika, Srdjan"]
[Result "0-1"]
[WhiteElo "2135"]
[BlackElo "2255"]

1.d4 Nf6 2.Nf3 g6 3.c4 Bg7 4.Nc3 O-O 5.e4 d6 6.Be2 e5 7.O-O Nc6 8.d5 Ne7
9.Nd2 a5 10.a3 Nd7 11.Rb1 f5 12.Qc2 Kh8 13.b4 Ng8 14.Nb3 axb4 15.axb4 Ndf6
16.f3 Nh5 17.g3 Ngf6 18.Bd2 fxe4 19.Nxe4 Bh3 20.Rfe1 Nxe4 21.fxe4 Qf6 22.Be3 Bh6
23.Qd3 Ra2 24.Ra1 Rb2 25.Rab1 Rxb1 26.Rxb1 Kg8 27.Qc3 Bg7 28.Nd2 Qe7 29.Bf1 Qd7
30.c5 Qg4 31.Qd3 Nf6 32.Bxh3 Qxh3 33.Rf1 Ng4 34.Rxf8+ Bxf8 35.Qe2 Nxe3 36.Qxe3 Bh6
37.Qe2 Qd7 38.cxd6 Qxd6 39.b5 Qc5+ 40.Kg2 Qc2 41.Qg4 Qxd2+ 42.Kh3 Qf2 43.Qe6+ Qf7
44.Qxe5 Bg7 45.Qf4 Qxf4 46.gxf4 h5 47.Kg3 Kf7 48.e5 Ke7 49.Kf3 g5 50.Ke4 gxf4
51.Kxf4 h4 52.h3 b6 53.Ke4 Bh6 54.Kf5 Be3 55.Ke4 Bf2 56.Kf3 Bg3 57.Ke4 Kf7
58.Kf5 Bh2  0-1

[Event "Orel"]
[Site "Orel"]
[Date "1995.??.??"]
[Round "3"]
[White "Chekhov, Valery A"]
[Black "Iskusnyh, Sergei"]
[Result "1/2-1/2"]
[WhiteElo "2500"]
[BlackElo "2425"]

1.d4 Nf6 2.c4 g6 3.Nc3 Bg7 4.e4 d6 5.Be2 O-O 6.Nf3 e5 7.O-O Nc6 8.Be3 Ng4
9.Bg5 f6 10.Bc1 exd4 11.Nxd4 f5 12.Nxc6 bxc6 13.exf5 gxf5 14.h3 Ne5 15.f4 Ng6
16.Bf3 Bd7 17.Be3 Qf6 18.Qd2 Rfe8 19.Rad1 Kh8 20.g3 Nf8 21.Bd4 Qg6 22.Bxg7+ Qxg7
23.Qd4 Rab8 24.Qxg7+ Kxg7 25.Rd2 Ne6 26.Bh5 Rg8 27.Kf2 Nc5 28.Re1 Kh6 29.Be2 Rge8
30.b3 a5 31.Bd1 Rxe1 32.Kxe1 Kg6 33.Kf2 Kf6 34.Kf3 h6 35.g4 a4 36.Nxa4 Nxa4
37.bxa4 c5 38.Bb3 Ra8 39.Kg3 Bxa4 40.Kh4 Bd7 41.Bd1 Re8 42.Re2 Rxe2 43.Bxe2 fxg4
44.hxg4 Ba4 45.Kg3 Bd7 46.Kf2 c6 47.a4 Bc8 48.a5 Ba6 49.Ke3 Bb7 50.Bf3 Ke6
51.Kf2 Kf7 52.Kg3 Kf6 53.Kh4 d5 54.Kh5 Kg7 55.f5 dxc4 56.g5 hxg5 57.Kxg5 c3
58.Be4 c4 59.f6+ Kf7 60.Kf5 Bc8+ 61.Ke5 c5 62.Bc2  1/2-1/2

[Event "HUN-ch U14 Girls"]
[Site "Paks"]
[Date "1995.??.??"]
[Round "?"]
[White "Karkus, Anna"]
[Black "Gara, Anita"]
[Result "0-1"]
[WhiteElo "2135"]
[BlackElo "2030"]

1.d4 Nf6 2.c4 g6 3.Nc3 Bg7 4.e4 d6 5.Be2 O-O 6.Nf3 e5 7.O-O Nc6 8.d5 Ne7
9.Ne1 Ne8 10.f3 f5 11.g4 f4 12.Nd3 h5 13.h3 g5 14.Bd2 Nf6 15.Be1 Kf7 16.Kg2 Rh8
17.Bf2 b6 18.Rh1 Rh7 19.Rh2 Ng6 20.Qh1 Bd7 21.b4 a5 22.a3 Qh8 23.b5 Qe8 24.Qd1 Qe7
25.Qd2 Bh6 26.Rah1 Rah8 27.Na4 Bg7 28.Nxb6 cxb6 29.Bxb6 Nh4+ 30.Kg1 hxg4
31.hxg4 Bxg4 32.fxg4 Nxe4 33.Qe1 Ng3 34.Bxa5 Nxh1 35.Rxh1 e4 36.Nb4 Qa7+  0-1

[Event "Pardubice op"]
[Site "Pardubice"]
[Date "1995.??.??"]
[Round "?"]
[White "Zagorskis, Darius"]
[Black "Gross, David"]
[Result "1-0"]
[WhiteElo "2520"]
[BlackElo "2385"]

1.d4 Nf6 2.c4 g6 3.Nc3 Bg7 4.e4 d6 5.Nf3 O-O 6.Be2 e5 7.O-O Nc6 8.d5 Ne7
9.b4 Nh5 10.Nd2 Nf4 11.Bf3 f5 12.a4 g5 13.exf5 Nxf5 14.g3 Nh3+ 15.Kg2 Qd7
16.Be4 g4 17.Nb3 Qe7 18.Qd3 Ng5 19.Bxg5 Qxg5 20.c5 Rf6 21.Nb5 Qh5 22.Kg1 Rh6
23.h4 Bf6 24.Nxc7 Bxh4 25.Kg2 Bxg3 26.Rh1 Bh2 27.Nxa8 g3 28.Kf1 Rf6 29.Nd2 Nd4
30.Qxg3+ Bxg3 31.Rxh5 Rxf2+ 32.Kg1 Rxd2 33.Rg5+  1-0